00502nam a2200193 a 4500001001300000003000900013005001700022008004100039020001000080082001700090100002700107245003200134260004200166300000800208500003500216505001100251650001900262700002700281nice12345678IN_TiNIC20260116012044.0050524s1965 hyda grp 000 0 urd  ac10000a922.97bMUH2 aMuhammad, Abu Abdullah aIqbal Islami Pas Manzar Men aHyderabadbDaira Electric Pressc1965 a96p aincludes index and biblioraphy2 aThesis aIqbal Muhammad1 aMuhammad, Abu Abdullah